[Event "Bratto op-B 33rd"]
[Site "Bratto"]
[Date "2013.08.20"]
[Round "3"]
[White "Dubois, Martine"]
[Black "Di Donato, Giovanni"]
[Result "1-0"]
[WhiteElo "1995"]
[BlackElo "1919"]
[PlyCount "99"]
[EventDate "2013.08.18"]
[EventType "swiss"]
[EventRounds "8"]
[EventCountry "ITA"]
[SourceTitle "EXT 2015"]
[Source "ChessBase"]
[SourceDate "2014.11.20"]
[SourceVersion "1"]
[SourceVersionDate "2014.11.20"]
[SourceQuality "1"]

1. e4 e5 2. Nf3 f5 3. Nxe5 Qf6 4. d4 d6 5. Nc4 fxe4 6. Nc3 Qg6 7. f3 exf3 8. Qxf3 Nf6 9. Bd3 Qg4 10. Qxg4 Bxg4 11. Ne3 c6 12. Nxg4 Nxg4 13. Bf5 Nf6 14. Bc8 a6 15. Bxb7 Ra7 16. Bc8 Kd8 17. Bf5 Re7+ 18. Ne2 g6 19. Bd3 Bg7 20. Bg5 h6 21. Bxf6 Bxf6 22. 0-0 Bg7 23. c3 g5 24. Ng3 Re3 25. Bg6 Re6 26. Bh5 Rf8 27. Nf5 Bh8 28. Bg4 Ref6 29. Nxh6 Rxf1+ 30. Rxf1 Rxf1+ 31. Kxf1 Bf6 32. Nf5 Kc7 33. Ke2 Nd7 34. Ne3 Nb6 35. Kd3 d5 36. b3 Kd6 37. c4 dxc4+ 38. bxc4 Na8 39. Ke4 a5 40. c5+ Ke7 41. Nc4 a4 42. Na5 Nc7 43. Nxc6+ Ke8 44. Ne5 Na6 45. Bd7+ Kd8 46. Bxa4 Kc7 47. Bb5 Nb4 48. a4 Na2 49. Kf5 Be7 50. Ke6 1-0

[Event "Bratto op-B 27th"]
[Site "Bratto"]
[Date "2007.08.30"]
[Round "7"]
[White "Di Donato, Giovanni"]
[Black "Biava, Pierluigi"]
[Result "0-1"]
[WhiteElo "1939"]
[BlackElo "1739"]
[PlyCount "28"]
[EventDate "2007.08.24"]
[EventType "swiss"]
[EventRounds "8"]
[EventCountry "ITA"]
[SourceTitle "CBM 120 Extra"]
[Source "ChessBase"]
[SourceDate "2007.11.01"]
[SourceVersion "1"]
[SourceVersionDate "2007.11.01"]
[SourceQuality "1"]

1. e4 c5 2. c3 Nf6 3. e5 Nd5 4. d4 e6 5. Nf3 Nc6 6. c4 Ndb4 7. d5 Nd4 8. Nxd4 cxd4 9. d6 Qa5 10. f4 d3 11. Nc3 Nc2+ 12. Kf2 Qc5+ 13. Kg3 h5 14. Bxd3 h4+ 0-1

[Event "Bratto op 26th"]
[Site "Bratto"]
[Date "2006.08.21"]
[Round "3"]
[White "Miatello, Alberto"]
[Black "Di Donato, Giovanni"]
[Result "1-0"]
[WhiteElo "2082"]
[BlackElo "1951"]
[PlyCount "138"]
[EventDate "2006.08.19"]
[EventType "swiss"]
[EventRounds "9"]
[EventCountry "ITA"]
[SourceTitle "CBM 113 Extra"]
[Source "ChessBase"]
[SourceDate "2006.09.14"]
[SourceVersion "1"]
[SourceVersionDate "2006.09.14"]
[SourceQuality "1"]

1. e4 e5 2. Nf3 f5 3. Nxe5 Qf6 4. d4 d6 5. Nc4 fxe4 6. Nc3 Qg6 7. h3 Nf6 8. Qe2 c6 9. Bf4 d5 10. Ne5 Qf5 11. Be3 Bd6 12. g4 Qe6 13. f4 exf3 14. Nxf3 Bg3+ 15. Bf2 Bxf2+ 16. Kxf2 Ne4+ 17. Nxe4 dxe4 18. Ne5 0-0+ 19. Kg3 Qf6 20. Qe3 Be6 21. Be2 Nd7 22. Rhf1 Qe7 23. Nxd7 Qxd7 24. c4 Qd6+ 25. Kg2 Rae8 26. Rad1 Bf7 27. Rf4 Bg6 28. Rdf1 Rxf4 29. Rxf4 Qb4 30. b3 Qe7 31. Kg3 Qd6 32. c5 Qc7 33. Bc4+ Kh8 34. Kg2 h6 35. h4 b5 36. cxb6 axb6 37. h5 Bh7 38. Qg3 Qe7 39. Qe3 Qa3 40. Rf2 Qe7 41. a4 Qd7 42. Kh3 b5 43. Rf7 Qd6 44. axb5 cxb5 45. Bxb5 Rc8 46. Rd7 Qb8 47. Bc4 Rf8 48. Rf7 Rc8 49. Qf4 Qb4 50. d5 Bg8 51. Rf5 Bh7 52. Rf7 Bg8 53. Rd7 Bh7 54. Qe5 Qf8 55. Qc3 Qf1+ 56. Bxf1 Rxc3+ 57. Kh4 Rxb3 58. Rd8+ Bg8 59. d6 Rb4 60. d7 Rd4 61. Bc4 Rxc4 62. Rxg8+ Kxg8 63. d8Q+ Kh7 64. Qd5 Ra4 65. Qf5+ Kh8 66. Qe5 Kh7 67. g5 e3+ 68. Kg3 hxg5 69. Qf5+ Kh8 1-0

[Event "Robecchetto op-B"]
[Site "Robecchetto"]
[Date "2005.12.28"]
[Round "4"]
[White "Schingaro, Angelo"]
[Black "Di Donato, Giovanni"]
[Result "0-1"]
[WhiteElo "1760"]
[BlackElo "1993"]
[PlyCount "80"]
[EventDate "2005.12.27"]
[EventType "swiss"]
[EventRounds "6"]
[EventCountry "ITA"]
[SourceTitle "CBM 110 Extra"]
[Source "ChessBase"]
[SourceDate "2006.03.10"]
[SourceVersion "2"]
[SourceVersionDate "2006.03.10"]
[SourceQuality "1"]

1. Nf3 d5 2. b3 Bf5 3. Bb2 f6 4. e3 e5 5. c4 c6 6. Nc3 Na6 7. d3 Bb4 8. a3 Bxc3+ 9. Bxc3 Ne7 10. Nh4 Be6 11. e4 dxe4 12. dxe4 Qxd1+ 13. Rxd1 Nc5 14. Bd3 0-0-0 15. Bc2 Rxd1+ 16. Kxd1 Bg4+ 17. f3 Be6 18. g4 g5 19. Nf5 Ng6 20. Kc1 h5 21. b4 Nd7 22. Ng7 Bxc4 23. Nxh5 Nh4 24. Bd1 Bf7 25. Ng3 Nb6 26. Be2 Nc4 27. Bxc4 Bxc4 28. Rd1 Nxf3 29. Rd6 Nxh2 30. Rxf6 Nxg4 31. Rg6 Rh3 32. Be1 Nh2 33. Nf5 Ba6 34. Rh6 g4 35. Bg3 Nf1 36. Bxe5 Rxh6 37. Nxh6 g3 38. Nf5 g2 39. Bd4 b6 40. Nh4 Ng3 0-1

[Event "Robecchetto op-B"]
[Site "Robecchetto"]
[Date "2005.12.27"]
[Round "1"]
[White "Di Donato, Giovanni"]
[Black "Bernasconi, Roberto"]
[Result "0-1"]
[WhiteElo "1993"]
[BlackElo "1853"]
[PlyCount "108"]
[EventDate "2005.12.27"]
[EventType "swiss"]
[EventRounds "6"]
[EventCountry "ITA"]
[SourceTitle "CBM 110 Extra"]
[Source "ChessBase"]
[SourceDate "2006.03.10"]
[SourceVersion "2"]
[SourceVersionDate "2006.03.10"]
[SourceQuality "1"]

1. e4 e5 2. Nf3 Nf6 3. Nc3 Nc6 4. Bc4 Nxe4 5. Nxe4 d5 6. Bxd5 Qxd5 7. Qe2 Be7 8. Nc3 Qa5 9. h3 Be6 10. 0-0 0-0 11. d3 h6 12. Re1 Nd4 13. Nxd4 exd4 14. Ne4 Qf5 15. Ng3 Qg6 16. Bf4 Bb4 17. Rf1 Rfe8 18. Qe4 Qxe4 19. Nxe4 Bd5 20. f3 f5 21. Ng3 g5 22. Bc1 Rf8 23. a3 Bd6 24. f4 c5 25. b4 cxb4 26. axb4 Rac8 27. Rf2 gxf4 28. Bxf4 Bxf4 29. Rxf4 Rxc2 30. Rf2 Rxf2 31. Kxf2 f4 32. Nh5 Rf5 33. Nxf4 Rxf4+ 34. Kg3 Rf7 35. Rxa7 Rg7+ 36. Kf4 Bxg2 37. Ke5 Bf1 38. Kxd4 Rd7+ 39. Ke5 Bxd3 40. h4 Kg7 41. Ke6 Rf7 42. Ra3 Bc4+ 43. Ke5 Re7+ 44. Kd4 b5 45. Rg3+ Kf6 46. h5 Kf5 47. Rg6 Re6 48. Rg1 Re4+ 49. Kc3 Rh4 50. Kd2 Rxh5 51. Ke3 Rh3+ 52. Kd4 h5 53. Re1 Rd3+ 54. Kc5 h4 0-1

[Event "Bratto op 25th"]
[Site "Bratto"]
[Date "2005.08.21"]
[Round "2"]
[White "Radice, Luca"]
[Black "Di Donato, Giovanni"]
[Result "1/2-1/2"]
[WhiteElo "2100"]
[BlackElo "1999"]
[PlyCount "67"]
[EventDate "2005.08.20"]
[EventType "swiss"]
[EventRounds "9"]
[EventCountry "ITA"]
[SourceTitle "CBM 108 Extra"]
[Source "ChessBase"]
[SourceDate "2005.11.04"]
[SourceVersion "1"]
[SourceVersionDate "2005.11.04"]
[SourceQuality "1"]

1. d4 d5 2. Nf3 Nf6 3. c4 c6 4. Nbd2 a6 5. e3 Bf5 6. g3 e6 7. Bg2 b5 8. b3 Nbd7 9. 0-0 Bb4 10. Bb2 Bd3 11. Re1 Ne4 12. cxd5 cxd5 13. Rc1 Qa5 14. Nxe4 dxe4 15. Ng5 Nf6 16. d5 Bxe1 17. Bxf6 Bxf2+ 18. Kxf2 gxf6 19. Nxe6 Qxa2+ 20. Kg1 fxe6 21. Qg4 f5 22. Qg7 Qd2 23. Qxh8+ Ke7 24. Qg7+ Ke8 25. Ra1 Qxe3+ 26. Kh1 Qa7 27. Qg8+ Ke7 28. Qxe6+ Kf8 29. Qxf5+ Qf7 30. Qe5 Rd8 31. Bxe4 Bxe4+ 32. Qxe4 Rxd5 33. Kg1 Qa7+ 34. Kh1 1/2-1/2

[Event "Robecchetto op"]
[Site "Robecchetto"]
[Date "2004.12.28"]
[Round "3"]
[White "Zacco, Remo"]
[Black "Di Donato, Giovanni"]
[Result "0-1"]
[WhiteElo "2016"]
[BlackElo "2142"]
[PlyCount "36"]
[EventDate "2004.12.27"]
[EventType "swiss"]
[EventRounds "6"]
[EventCountry "ITA"]
[SourceTitle "CBM 104 Extra"]
[Source "ChessBase"]
[SourceDate "2005.03.01"]
[SourceVersion "1"]
[SourceVersionDate "2005.03.01"]
[SourceQuality "1"]

1. e4 e5 2. Nf3 f5 3. Bc4 fxe4 4. Nxe5 d5 5. Qh5+ g6 6. Nxg6 hxg6 7. Qxh8 Kf7 8. Qd4 Be6 9. Be2 Nc6 10. Qa4 a6 11. c3 Qg5 12. g3 Nf6 13. Na3 Qf5 14. Qd1 Bc5 15. f4 exf3 16. Bxf3 Ne5 17. Rf1 Nd3+ 18. Ke2 Qe5+ 0-1

[Event "Milan Crespi op 25th"]
[Site "Milan"]
[Date "2004.12.05"]
[Round "2"]
[White "Di Donato, Giovanni"]
[Black "Ranola, Yves"]
[Result "0-1"]
[WhiteElo "2142"]
[BlackElo "2449"]
[PlyCount "64"]
[EventDate "2004.12.04"]
[EventType "swiss"]
[EventRounds "9"]
[EventCountry "ITA"]
[SourceTitle "EXT 2007"]
[Source "ChessBase"]
[SourceDate "2006.11.23"]
[SourceVersion "1"]
[SourceVersionDate "2006.11.23"]
[SourceQuality "1"]

1. e4 c5 2. c3 d6 3. d4 Nf6 4. Bd3 g6 5. Be3 Ng4 6. Bb5+ Nc6 7. Bf4 cxd4 8. cxd4 Qb6 9. Bxc6+ bxc6 10. Qd2 e5 11. Be3 Rb8 12. b3 Nxe3 13. fxe3 Bh6 14. Nc3 Bxe3 15. Qxe3 exd4 16. Na4 dxe3 17. Nxb6 Rxb6 18. Ke2 0-0 19. Nf3 Re8 20. Rad1 d5 21. exd5 Ba6+ 22. Ke1 cxd5 23. Rxd5 Rc6 24. Rd1 Rc2 25. a4 Rxg2 26. Nd4 Rd8 27. Nb5 Rxd1+ 28. Kxd1 Bxb5 29. axb5 f5 30. h4 f4 31. Rh3 Rg3 32. Rh2 f3 0-1

[Event "Bresso op 4th"]
[Site "Bresso"]
[Date "2004.06.13"]
[Round "5"]
[White "Di Donato, Giovanni"]
[Black "Vignoli, Matteo"]
[Result "1-0"]
[WhiteElo "1838"]
[BlackElo "1817"]
[PlyCount "105"]
[EventDate "2004.06.10"]
[EventType "swiss"]
[EventRounds "6"]
[EventCountry "ITA"]
[SourceTitle "EXT 2007"]
[Source "ChessBase"]
[SourceDate "2006.11.23"]
[SourceVersion "1"]
[SourceVersionDate "2006.11.23"]
[SourceQuality "1"]

1. e4 e5 2. Nf3 Nc6 3. Bc4 Bc5 4. Nc3 Nf6 5. d3 0-0 6. Bg5 Be7 7. 0-0 d6 8. h3 Na5 9. Bb3 Nxb3 10. axb3 c6 11. Qd2 Nh5 12. Ne2 Bxg5 13. Qxg5 Qxg5 14. Nxg5 h6 15. Nf3 f5 16. exf5 Bxf5 17. g4 Bd7 18. Nd2 Nf4 19. Nxf4 Rxf4 20. Nc4 h5 21. f3 hxg4 22. fxg4 Rxf1+ 23. Rxf1 d5 24. Nxe5 Be8 25. b4 a5 26. Ra1 a4 27. d4 Kf8 28. c3 Ke7 29. Kf2 b5 30. Kg3 g5 31. h4 gxh4+ 32. Kxh4 Kf6 33. g5+ Kg7 34. Kg4 Ra7 35. Kf5 Bd7+ 36. Nxd7 Rxd7 37. Ke6 Rf7 38. Kd6 Rf2 39. Kxc6 Rxb2 40. Kxb5 Rc2 41. Ra3 Kg6 42. Kc5 Rb2 43. Kb5 Kxg5 44. Kxa4 Kf6 45. Kb5 Ke6 46. Kc5 Rc2 47. Rb3 Rh2 48. b5 Rh8 49. b6 Rc8+ 50. Kb5 Kd6 51. b7 Rb8 52. Ka6 Kc7 53. Ka7 1-0